[Event "RUS-ch Rapid Men 2018"]
[Site "Sochi"]
[Date "2018.10.06"]
[Round "11"]
[White "Shcherbakov, Ruslan"]
[Black "Inozemtsev, Sergei"]
[Result "1-0"]
[WhiteElo "2516"]
[BlackElo "2310"]
[Annotator "TA"]
[PlyCount "43"]
[EventDate "2018.10.05"]
[EventType "swiss"]
[EventCountry "RUS"]
[SourceTitle "playchess.com"]
[Source "ChessBase"]
[SourceQuality "1"]

{[%evp 10,43,35,34,58,49,144,165,133,99,267,266,338,223,223,215,459,464,448,465,911,680,1537,1522,1516,1514,29990,29991,29991,29992,29992,29993,29993,29994,29994,29995]} 1. d4 {[%cal Bd2d4,Bd4d5][%mdl 32]} Nf6 2. c4 e6 3. Nf3 b6 4. g3 Ba6 5. Qb3 c5 6. d5 $1 {LiveBook: 47 Games. E15: Queen's Indian: 4 g3 sidelines, 4 g3 Ba6 and 4 g3 Bb7 early deviations} Bd6 (6... exd5 7. cxd5 d6 8. Bg2 g6 9. Nc3 Bg7 10. O-O O-O 11. Re1 Re8 12. a4 Nbd7 13. Nb5 Re4 {½-½ (69) Istratescu,A (2596)-Turner,M (2523) London 2016}) 7. Nc3 Qe7 $146 ({Black should try} 7... O-O $14) ({Predecessor:} 7... exd5 8. cxd5 O-O 9. Bg2 Re8 10. Nd2 Be5 11. Nc4 Bxc3+ 12. bxc3 d6 13. Bf4 Ne4 {½-½ (56) Peric,S (2230)-Piesina,G (2370) Eger 1987}) 8. Bg5 $16 {White is clearly better.} h6 9. Bxf6 gxf6 $2 (9... Qxf6 $16 {is a better defense.} 10. Ne4 Qe7) 10. Bg2 $18 Bb7 11. Rd1 Na6 12. Nb5 {[#] Strongly threatening dxe6.} exd5 $2 (12... Nc7 {was necessary.} 13. Nxd6+ Qxd6) 13. Nh4 {Nf5 is the strong threat.} Be5 {intending ...dxc4.} 14. Nf5 Qf8 (14... dxc4 $142 15. Qxc4 (15. Nxe7 cxb3 16. Bxb7 Kxe7 $18) 15... Bxg2) 15. Bxd5 Bc6 16. Bxc6 dxc6 17. Qd3 {[%csl Gd1][%cal Rd3d7] [#]} Bd4 18. Qe4+ {White mates.} Kd7 19. Nfxd4 cxd4 20. Rxd4+ Kc8 21. Qxc6+ Kb8 22. Rd7 {Precision: White = 79%, Black = 22%.} 1-0

[Event "RUS-ch Rapid Men 2018"]
[Site "Sochi"]
[Date "2018.10.06"]
[Round "11"]
[White "Demidov, Mikhail"]
[Black "Timofeev, Artyom"]
[Result "1/2-1/2"]
[WhiteElo "2514"]
[BlackElo "2580"]
[Annotator "TA"]
[PlyCount "90"]
[EventDate "2018.10.05"]
[EventType "swiss"]
[EventCountry "RUS"]
[SourceTitle "playchess.com"]
[Source "ChessBase"]
[SourceQuality "1"]

{[%evp 20,90,5,0,14,22,22,31,31,11,30,25,28,20,14,2,11,0,16,0,0,0,19,0,0,-15,-17,-8,-25,-18,0,0,7,0,0,0,0,0,0,0,-2,-7,7,-15,0,-8,0,-7,0,-20,-6,-15,0,0,0,-9,0,0,0,-11,-6,-6,-6,-39,0,0,0,-39,0,0,0,-36,0]} 1. d4 d5 2. Nf3 Nf6 3. Bf4 e6 4. e3 Bd6 5. Bg3 O-O 6. Bd3 b6 7. Qe2 {D02: 1 d4 d5 2 Nf3 sidelines, including 2...Nf6 3 g3 and 2...Nf6 3 Bf4} c5 8. c3 Bb7 9. Nbd2 Nc6 10. Rd1 Ne7 (10... Re8 11. e4 e5 12. dxe5 Nxe5 13. Nxe5 Bxe5 14. f4 dxe4 15. Bb5 Bc7 16. Nc4 Qe7 17. Bxe8 Rxe8 {1-0 (61) Le,Q (2739)-Caruana,F (2807) Saint Louis 2017}) 11. e4 {LiveBook: 3 Games} dxe4 (11... c4 {with more complications.} 12. Bb1 dxe4 13. Ng5 e3 14. fxe3 Bxg3+ 15. hxg3 h6) 12. Nxe4 Bxe4 13. Bxe4 Nxe4 14. Qxe4 {[#] Strongly threatening dxc5.} Nd5 $146 ({Predecessor:} 14... c4 15. Ne5 Bxe5 16. dxe5 Qc8 {1-0 (42) Melkumyan,H (2633)-Henriquez Villagra,C (2517) Doha 2016}) 15. dxc5 Bxc5 16. O-O Nf6 17. Qa4 (17. Qc2 {seems wilder.} Qc8 18. Be5 Nd7 19. Ng5 g6 20. Bd4) 17... Qe8 18. Qc4 a5 19. Ne5 Rc8 {[#] White must now prevent ...Bxf2+!} 20. Qe2 Qa4 21. a3 Rfd8 22. Qf3 Qe4 23. Qxe4 Nxe4 24. Nd7 a4 25. Rd3 b5 26. Rfd1 {Hoping for Nf6+!} Be7 27. Bf4 Nf6 {Threatening ...Nd5.} 28. Nxf6+ Bxf6 29. Kf1 Kf8 30. Ke2 Ke8 31. Bd6 Rc4 32. g3 g5 33. h3 h5 34. Bb4 (34. f4 {feels hotter.} gxf4 35. gxf4 Be7 36. Ke3 Rd7 37. R3d2) 34... Rxd3 35. Rxd3 $11 {[%mdl 4096] Endgame KRB-KRB} Be7 36. Re3 Bf6 37. Rd3 Be7 38. Re3 Bf6 39. Kd3 g4 40. hxg4 Rxg4 41. Rf3 Be7 42. Re3 Bf6 43. Rf3 Be7 44. Re3 Bf6 45. Rf3 Be7 {Precision: White = 54%, Black = 36%.} 1/2-1/2

[Event "RUS-ch Rapid Men 2018"]
[Site "Sochi"]
[Date "2018.10.06"]
[Round "11"]
[White "Triapishko, Alexandr"]
[Black "Malakhov, Igor"]
[Result "1/2-1/2"]
[WhiteElo "2508"]
[BlackElo "2423"]
[Annotator "ChessBase"]
[PlyCount "155"]
[EventDate "2018.10.05"]
[EventType "swiss"]
[EventCountry "RUS"]
[SourceTitle "playchess.com"]
[Source "ChessBase"]
[SourceQuality "1"]
[TimeControl "900+10"]

1. Nf3 {[%emt 0:00:00]} d5 {[%emt 0:00:00]} 2. g3 {[%emt 0:00:01]} c6 {[%emt 0:00:05]} 3. Bg2 {[%emt 0:00:02]} Bg4 {[%emt 0:00:02]} 4. c4 {[%emt 0:00:23]} Bxf3 {[%emt 0:00:02]} 5. Bxf3 {[%emt 0:00:04]} e6 {[%emt 0:00:01]} 6. Qc2 {[%emt 0:01:46]} Nd7 {[%emt 0:00:05]} 7. Bg2 {[%emt 0:01:04]} Ngf6 {[%emt 0:00:03]} 8. d3 {[%emt 0:00:19]} Bc5 {[%emt 0:00:09]} 9. Nc3 {[%emt 0:01:23]} O-O {[%emt 0:00:07]} 10. O-O {[%emt 0:00:18]} d4 {[%emt 0:00:39]} 11. Na4 {[%emt 0:01:57]} Be7 {[%emt 0:00:48]} 12. b4 {[%emt 0:01:01]} Bxb4 {[%emt 0:04:05]} 13. Rb1 {[%emt 0:00:08]} Qe7 {[%emt 0:00:12]} 14. Qb2 {[%emt 0:01:00]} a5 {[%emt 0:00:51]} 15. Qxd4 {[%emt 0:02:13]} Rab8 {[%emt 0:00:01]} 16. Bb2 {[%emt 0:00:56]} b5 {[%emt 0:00:26]} 17. Nc3 {[%emt 0:02:06]} Rfc8 {[%emt 0:00:15]} 18. Ne4 {[%emt 0:00:28]} Ne8 {[%emt 0:00:57]} 19. cxb5 {[%emt 0:00:50]} cxb5 {[%emt 0:00:21]} 20. Rfc1 {[%emt 0:00:08]} f5 {[%emt 0:01:13]} 21. Nc3 {[%emt 0:00:28]} Bc5 {[%emt 0:00:54]} 22. Qf4 {[%emt 0:00:07]} Nef6 {[%emt 0:00:28]} 23. e3 {[%emt 0:00:58]} Bd6 {[%emt 0:00:33]} 24. Qf3 {[%emt 0:00:19]} Ba3 {[%emt 0:00:01]} 25. Qe2 {[%emt 0:00:21]} Bxb2 {[%emt 0:00:05]} 26. Qxb2 {[%emt 0:00:02]} b4 {[%emt 0:00:37]} 27. Na4 {[%emt 0:00:04]} Qd6 {[%emt 0:00:07]} 28. Qb3 {[%emt 0:00:31]} Kf7 {[%emt 0:00:18]} 29. Kf1 {[%emt 0:00:20]} Ke7 {[%emt 0:00:13]} 30. Ke2 {[%emt 0:00:04]} Ng4 {[%emt 0:00:29]} 31. h3 {[%emt 0:00:12]} Nge5 {[%emt 0:00:01]} 32. f4 {[%emt 0:00:17]} Nf7 {[%emt 0:00:03]} 33. Rc4 {[%emt 0:00:12]} Rxc4 34. Qxc4 {[%emt 0:00:01]} Nb6 {[%emt 0:00:41]} 35. Nxb6 {[%emt 0:00:04]} Qxb6 {[%emt 0:00:01]} 36. Rc1 {[%emt 0:00:14]} Nd6 {[%emt 0:00:18]} 37. Qc7+ {[%emt 0:00:11]} Qxc7 {[%emt 0:00:01]} 38. Rxc7+ {[%emt 0:00:02]} Kf6 {[%emt 0:00:01]} 39. Ra7 {[%emt 0:00:14]} Rb5 {[%emt 0:00:16]} 40. Bc6 {[%emt 0:00:23]} b3 {[%emt 0:01:02]} 41. axb3 {[%emt 0:00:07]} Rxb3 {[%emt 0:00:01]} 42. Rxa5 {[%emt 0:00:07]} Rb2+ {[%emt 0:00:01]} 43. Kf3 {[%emt 0:00:04]} Rb3 {[%emt 0:00:00]} 44. Ke2 {[%emt 0:00:11]} Rb2+ {[%emt 0:00:01]} 45. Ke1 {[%emt 0:00:18]} Rb1+ {[%emt 0:00:04]} 46. Kf2 {[%emt 0:00:02]} Rb2+ {[%emt 0:00:01]} 47. Kf1 {[%emt 0:00:06]} Rb3 {[%emt 0:00:10]} 48. Ke2 {[%emt 0:00:03]} Rb2+ {[%emt 0:00:01]} 49. Kd1 {[%emt 0:00:19]} Rb1+ {[%emt 0:00:02]} 50. Kc2 {[%emt 0:00:24]} Rg1 {[%emt 0:00:01]} 51. e4 {[%emt 0:00:08]} fxe4 {[%emt 0:00:50]} 52. dxe4 {[%emt 0:00:01]} Nc4 {[%emt 0:00:00]} 53. Ra6 {[%emt 0:00:28]} Rxg3 {[%emt 0:00:34]} 54. Bd7 {[%emt 0:00:07]} Ke7 {[%emt 0:00:52]} 55. Bxe6 {[%emt 0:00:07]} Nd6 {[%emt 0:00:01]} 56. Bd5 {[%emt 0:00:08]} Nb5 {[%emt 0:00:31]} 57. Rb6 {[%emt 0:00:23]} Nd4+ {[%emt 0:00:10]} 58. Kd2 {[%emt 0:00:02]} Rxh3 {[%emt 0:00:14]} 59. e5 {[%emt 0:00:07]} g5 {[%emt 0:00:36]} 60. Rb7+ {[%emt 0:00:08]} Kd8 {[%emt 0:00:01]} 61. fxg5 {[%emt 0:00:20]} Rg3 {[%emt 0:00:09]} 62. Rb8+ {[%emt 0:00:13]} Kc7 {[%emt 0:00:12]} 63. Rb7+ {[%emt 0:00:01]} Kd8 {[%emt 0:00:03]} 64. Rb8+ {[%emt 0:00:07]} Kc7 {[%emt 0:00:00]} 65. Rb4 {[%emt 0:00:11]} Nf3+ {[%emt 0:00:39]} 66. Bxf3 Rxf3 {[%emt 0:00:01]} 67. Rh4 {[%emt 0:00:29]} Kd7 {[%emt 0:00:32]} 68. Ke2 {[%emt 0:00:16]} Rg3 {[%emt 0:00:01]} 69. Rxh7+ {[%emt 0:00:05]} Ke6 {[%emt 0:00:02]} 70. Rg7 {[%emt 0:00:11]} Kxe5 71. Kf2 Rg4 {[%emt 0:00:26]} 72. Kf3 {[%emt 0:00:01]} Rg1 {[%emt 0:00:01]} 73. Kf2 {[%emt 0:00:02]} Rg4 {[%emt 0:00:01]} 74. Kf3 {[%emt 0:00:02]} Rg1 {[%emt 0:00:00]} 75. Rg8 {[%emt 0:00:16]} Kf5 {[%emt 0:00:17]} 76. Rf8+ {[%emt 0:00:03]} Kg6 {[%emt 0:00:01]} 77. Rg8+ {[%emt 0:00:02]} Kf7 {[%emt 0:00:09]} 78. Ke4 1/2-1/2

[Event "RUS-ch Rapid Men 2018"]
[Site "Sochi"]
[Date "2018.10.06"]
[Round "11"]
[White "Gabrielian, Artur"]
[Black "Pridorozhni, Aleksei"]
[Result "1/2-1/2"]
[WhiteElo "2499"]
[BlackElo "2574"]
[Annotator "ChessBase"]
[PlyCount "188"]
[EventDate "2018.10.05"]
[EventType "swiss"]
[EventCountry "RUS"]
[SourceTitle "playchess.com"]
[Source "ChessBase"]
[SourceQuality "1"]
[TimeControl "900+10"]

1. e4 {[%emt 0:00:00]} c5 {[%emt 0:00:00]} 2. Nf3 {[%emt 0:00:00]} e6 {[%emt 0:00:00]} 3. g3 {[%emt 0:00:00]} d5 {[%emt 0:00:00]} 4. exd5 {[%emt 0:00:00]} exd5 {[%emt 0:00:00]} 5. Bg2 {[%emt 0:00:07]} Qe7+ {[%emt 0:00:00]} 6. Kf1 {[%emt 0:00:34]} Nc6 {[%emt 0:00:05]} 7. Nc3 {[%emt 0:00:18]} d4 {[%emt 0:00:31]} 8. Nd5 {[%emt 0:00:06]} Qd8 {[%emt 0:00:04]} 9. Nf4 {[%emt 0:00:48]} Bd6 {[%emt 0:00:35]} 10. d3 {[%emt 0:00:52]} Nf6 {[%emt 0:00:03]} 11. Qe2+ {[%emt 0:00:06]} Ne7 {[%emt 0:00:04]} 12. Bd2 {[%emt 0:00:42]} O-O {[%emt 0:00:03]} 13. Re1 {[%emt 0:00:05]} Re8 {[%emt 0:00:25]} 14. Qd1 {[%emt 0:00:12]} Bd7 {[%emt 0:00:58]} 15. h3 {[%emt 0:01:20]} Qc7 {[%emt 0:00:36]} 16. Kg1 {[%emt 0:00:20]} Bc6 {[%emt 0:01:14]} 17. Kh2 {[%emt 0:00:14]} h6 {[%emt 0:00:10]} 18. Rhf1 {[%emt 0:01:14]} b6 {[%emt 0:00:52]} 19. Ng1 {[%emt 0:01:27]} Bxf4 {[%emt 0:02:02]} 20. Bxf4 {[%emt 0:00:02]} Qb7 {[%emt 0:00:01]} 21. Bxc6 {[%emt 0:00:12]} Qxc6 {[%emt 0:00:04]} 22. Nf3 {[%emt 0:01:49]} Ng6 {[%emt 0:00:05]} 23. Ne5 {[%emt 0:00:37]} Nxe5 {[%emt 0:00:19]} 24. Bxe5 {[%emt 0:00:02]} Nd5 {[%emt 0:00:23]} 25. Qg4 {[%emt 0:00:44]} Qg6 {[%emt 0:01:28]} 26. Qf3 {[%emt 0:00:52]} Rad8 {[%emt 0:00:07]} 27. Bf4 {[%emt 0:01:10]} Qf5 {[%emt 0:00:27]} 28. Kg2 {[%emt 0:00:15]} g5 {[%emt 0:01:39]} 29. Bd2 {[%emt 0:00:04]} Qxf3+ {[%emt 0:00:02]} 30. Kxf3 {[%emt 0:00:01]} Kg7 {[%emt 0:00:02]} 31. h4 {[%emt 0:00:20]} Kg6 {[%emt 0:00:04]} 32. hxg5 {[%emt 0:00:02]} hxg5 {[%emt 0:00:01]} 33. g4 {[%emt 0:00:15]} b5 {[%emt 0:00:52]} 34. a3 {[%emt 0:00:30]} Rc8 {[%emt 0:00:50]} 35. Rxe8 {[%emt 0:00:10]} Rxe8 {[%emt 0:00:01]} 36. b3 {[%emt 0:00:21]} Re6 {[%emt 0:00:36]} 37. Re1 {[%emt 0:00:14]} Rxe1 {[%emt 0:00:07]} 38. Bxe1 {[%emt 0:00:01]} f5 {[%emt 0:00:01]} 39. Ba5 {[%emt 0:00:28]} Nf6 {[%emt 0:00:40]} 40. gxf5+ {[%emt 0:00:06]} Kxf5 {[%emt 0:00:01]} 41. Bc7 {[%emt 0:00:23]} Nd7 {[%emt 0:00:58]} 42. Ke2 {[%emt 0:00:16]} g4 {[%emt 0:00:17]} 43. f3 {[%emt 0:00:03]} gxf3+ {[%emt 0:00:16]} 44. Kxf3 {[%emt 0:00:01]} Ke6 {[%emt 0:00:03]} 45. Bf4 {[%emt 0:00:15]} Kd5 {[%emt 0:00:04]} 46. Ke2 {[%emt 0:00:13]} a6 {[%emt 0:00:05]} 47. Bg3 {[%emt 0:00:21]} Nf8 {[%emt 0:00:31]} 48. Kd2 {[%emt 0:00:20]} Ne6 {[%emt 0:00:02]} 49. Bh4 {[%emt 0:00:06]} c4 {[%emt 0:00:11]} 50. bxc4+ {[%emt 0:00:18]} bxc4 {[%emt 0:00:02]} 51. dxc4+ {[%emt 0:00:52]} Kxc4 {[%emt 0:00:02]} 52. Bf6 {[%emt 0:00:05]} Nc5 {[%emt 0:00:05]} 53. Kc1 {[%emt 0:00:03]} a5 {[%emt 0:00:20]} 54. Bd8 {[%emt 0:00:04]} a4 {[%emt 0:00:02]} 55. Kb2 {[%emt 0:00:09]} Ne4 {[%emt 0:00:14]} 56. Bh4 {[%emt 0:00:12]} Kd5 {[%emt 0:00:20]} 57. Be1 {[%emt 0:00:04]} Nd6 {[%emt 0:00:02]} 58. Bb4 {[%emt 0:00:30]} Nc4+ {[%emt 0:00:02]} 59. Kc1 {[%emt 0:00:01]} Ke4 {[%emt 0:00:03]} 60. Bf8 {[%emt 0:00:04]} Ke3 {[%emt 0:00:15]} 61. Bh6+ {[%emt 0:00:01]} Ke2 {[%emt 0:00:09]} 62. Bg7 {[%emt 0:00:05]} Ke3 {[%emt 0:00:05]} 63. Bh6+ {[%emt 0:00:02]} Ke4 {[%emt 0:00:01]} 64. Bf8 {[%emt 0:00:01]} Ne3 {[%emt 0:00:09]} 65. Bh6 {[%emt 0:00:13]} Nf5 {[%emt 0:00:09]} 66. Bf8 {[%emt 0:00:06]} Ke3 {[%emt 0:00:03]} 67. Bc5 {[%emt 0:00:08]} Ke2 {[%emt 0:00:10]} 68. Bb6 {[%emt 0:00:03]} Kf3 {[%emt 0:00:06]} 69. Kd2 {[%emt 0:00:13]} Ke4 {[%emt 0:00:01]} 70. Kc1 {[%emt 0:00:06]} Ne3 {[%emt 0:00:16]} 71. Bc5 {[%emt 0:00:11]} Kd5 {[%emt 0:00:23]} 72. Bf8 {[%emt 0:00:04]} Kc4 {[%emt 0:00:03]} 73. Kd2 {[%emt 0:00:35]} Nf1+ {[%emt 0:00:04]} 74. Kc1 {[%emt 0:00:01]} Ng3 {[%emt 0:00:02]} 75. Kb2 {[%emt 0:00:05]} Ne2 {[%emt 0:00:08]} 76. Bg7 {[%emt 0:00:08]} Kd5 {[%emt 0:00:05]} 77. Bf6 {[%emt 0:00:12]} Ke4 {[%emt 0:00:04]} 78. Bg7 {[%emt 0:00:06]} Nc3 {[%emt 0:00:25]} 79. Bf6 {[%emt 0:00:10]} Nd5 {[%emt 0:00:19]} 80. Bg7 {[%emt 0:00:02]} Nb6 {[%emt 0:00:08]} 81. Bf8 {[%emt 0:00:07]} Ke3 {[%emt 0:00:08]} 82. Bc5 {[%emt 0:00:22]} Nc4+ {[%emt 0:00:11]} 83. Kc1 {[%emt 0:00:02]} Ne5 {[%emt 0:00:07]} 84. Bf8 {[%emt 0:00:06]} Ke2 {[%emt 0:00:28]} 85. Bg7 {[%emt 0:00:08]} Nf3 {[%emt 0:00:08]} 86. Bf6 {[%emt 0:00:31]} Ke1 {[%emt 0:00:09]} 87. Bg7 {[%emt 0:00:15]} Ng1 {[%emt 0:00:05]} 88. Kb2 {[%emt 0:00:35]} Ne2 {[%emt 0:00:03]} 89. Bxd4 {[%emt 0:00:31]} Nxd4 {[%emt 0:00:02]} 90. Kc3 {[%emt 0:00:01]} Nc6 {[%emt 0:00:02]} 91. Kc4 {[%emt 0:00:04]} Kd2 {[%emt 0:00:03]} 92. Kb5 {[%emt 0:00:01]} Kxc2 {[%emt 0:00:04]} 93. Kxa4 {[%emt 0:00:03]} Kb2 {[%emt 0:00:04]} 94. Kb5 {[%emt 0:00:02]} Kxa3 1/2-1/2

[Event "RUS-ch Rapid Men 2018"]
[Site "Sochi"]
[Date "2018.10.06"]
[Round "11"]
[White "Hasangatin, Ramil"]
[Black "Dilmukhametov, Artur"]
[Result "0-1"]
[WhiteElo "2485"]
[BlackElo "2353"]
[Annotator "TA"]
[PlyCount "48"]
[EventDate "2018.10.05"]
[EventType "swiss"]
[EventCountry "RUS"]
[SourceTitle "playchess.com"]
[Source "ChessBase"]
[SourceQuality "1"]

{[%evp 15,48,0,0,-104,-99,-182,-50,-61,0,0,4,0,0,0,0,-4,-5,-14,-4,-33,-24,-61,-59,-85,-79,-203,-203,-192,-202,-214,-208,-226,-216,-381,-373]} 1. e4 e6 2. d3 d5 3. Qe2 dxe4 4. dxe4 e5 5. Nf3 Nc6 6. c3 a5 {C00: French: Unusual White 2nd moves} 7. Qc2 Bc5 8. Bb5 Qe7 {LiveBook: 7 Games. The position is equal.} 9. Nbd2 {[#]} (9. a4 $11 {remains equal.}) 9... Bxf2+ $1 $17 10. Ke2 (10. Kxf2 $17 Qc5+ 11. Nd4 exd4 12. Bxc6+ Qxc6 13. Nf3) 10... Bb6 $146 ({Don't play} 10... Qc5 11. Qa4 $17) (10... Ba7 $19 {Strongly threatening ...Nf6.} 11. Qa4 Bd7) ({Predecessor:} 10... Ba7 11. Nc4 Qc5 12. a4 Be6 13. Ne3 Nf6 14. Ng5 {0-1 (27) Magem Badals,J (2529)-Nuevo Perez,A (2195) Seville 2000}) 11. Nc4 $15 Qc5 ({Black should try} 11... Nf6 $15) 12. a4 $1 $11 Qf2+ 13. Kd1 {aiming for Qxf2.} f6 14. Nxb6 Qxb6 15. Ke2 $132 {[%mdl 2048] [#] Threatens to win with Be3. White is fighting back} Qc5 $1 16. Be3 Qe7 17. Rhd1 Qf7 18. b4 Be6 19. Rd2 Nge7 {[%cal Bg8e7,Be7c6,Bc6a5,Ba5c4][%mdl 32]} 20. bxa5 (20. Kf1 $17) 20... O-O $19 ({But not} 20... Rxa5 21. Kf2 $17) 21. a6 bxa6 22. Bxc6 Nxc6 23. Kf2 Na5 24. Rb1 $2 (24. Re2 {might work better.}) 24... Nc4 {Precision: White = 35%, Black = 77%.} 0-1

[Event "RUS-ch Rapid Men 2018"]
[Site "Sochi"]
[Date "2018.10.06"]
[Round "11"]
[White "Usmanov, Vasily"]
[Black "Remizov, Yaroslav"]
[Result "1/2-1/2"]
[WhiteElo "2453"]
[BlackElo "2315"]
[Annotator "ChessBase"]
[PlyCount "84"]
[EventDate "2018.10.05"]
[EventType "swiss"]
[EventCountry "RUS"]
[SourceTitle "playchess.com"]
[Source "ChessBase"]
[SourceQuality "1"]
[TimeControl "900+10"]

1. d4 {[%emt 0:00:00]} d5 {[%emt 0:00:00]} 2. c4 {[%emt 0:00:00]} e6 {[%emt 0:00:00]} 3. Nf3 {[%emt 0:00:00]} c6 {[%emt 0:00:00]} 4. Bg5 {[%emt 0:00:09]} f6 {[%emt 0:00:47]} 5. Bf4 {[%emt 0:00:17]} Bd6 {[%emt 0:00:51]} 6. Bxd6 {[%emt 0:00:08]} Qxd6 {[%emt 0:00:01]} 7. e3 {[%emt 0:00:05]} Ne7 {[%emt 0:00:11]} 8. Nc3 {[%emt 0:00:01]} Nd7 {[%emt 0:02:32]} 9. Be2 {[%emt 0:01:41]} O-O {[%emt 0:01:32]} 10. O-O {[%emt 0:00:02]} f5 {[%emt 0:00:32]} 11. Rb1 {[%emt 0:01:49]} Nf6 {[%emt 0:01:33]} 12. b4 {[%emt 0:00:05]} Ne4 {[%emt 0:00:08]} 13. c5 {[%emt 0:00:23]} Qc7 {[%emt 0:00:26]} 14. Nxe4 {[%emt 0:00:25]} fxe4 {[%emt 0:00:35]} 15. Ne5 {[%emt 0:00:02]} b5 {[%emt 0:00:33]} 16. a4 {[%emt 0:00:05]} a6 {[%emt 0:00:10]} 17. f3 {[%emt 0:00:12]} Bd7 {[%emt 0:00:38]} 18. Ra1 {[%emt 0:02:32]} exf3 {[%emt 0:04:05]} 19. Bxf3 {[%emt 0:00:12]} Ng6 {[%emt 0:00:43]} 20. Nxg6 {[%emt 0:00:11]} hxg6 {[%emt 0:00:00]} 21. e4 {[%emt 0:01:33]} Qf4 {[%emt 0:00:40]} 22. Qd3 {[%emt 0:00:56]} bxa4 {[%emt 0:01:00]} 23. exd5 {[%emt 0:00:50]} cxd5 {[%emt 0:00:13]} 24. Bxd5 {[%emt 0:00:49]} Qxf1+ {[%emt 0:00:02]} 25. Rxf1 {[%emt 0:00:04]} Rxf1+ {[%emt 0:00:01]} 26. Kxf1 {[%emt 0:00:43]} exd5 {[%emt 0:00:01]} 27. Ke1 {[%emt 0:01:11]} Bb5 {[%emt 0:00:44]} 28. Qf3 {[%emt 0:00:56]} Re8+ {[%emt 0:00:32]} 29. Kd2 {[%emt 0:00:02]} Re4 {[%emt 0:00:39]} 30. Kc3 {[%emt 0:00:05]} a3 {[%emt 0:00:02]} 31. c6 {[%emt 0:03:21]} a2 {[%emt 0:00:05]} 32. Kb2 {[%emt 0:00:05]} Re2+ {[%emt 0:00:10]} 33. Ka1 {[%emt 0:00:02]} Bc4 {[%emt 0:00:13]} 34. Qg3 {[%emt 0:00:53]} Rc2 {[%emt 0:00:37]} 35. Qg5 {[%emt 0:00:08]} Rf2 {[%emt 0:00:17]} 36. Qd8+ {[%emt 0:00:12]} Kf7 {[%emt 0:00:04]} 37. Qd7+ {[%emt 0:00:07]} Kf8 {[%emt 0:00:15]} 38. Qd6+ {[%emt 0:00:15]} Kf7 {[%emt 0:00:05]} 39. Qc7+ {[%emt 0:00:10]} Kf8 {[%emt 0:00:08]} 40. Qc8+ {[%emt 0:00:34]} Kf7 {[%emt 0:00:03]} 41. Qd7+ {[%emt 0:00:02]} Kf8 {[%emt 0:00:01]} 42. Qd6+ {[%emt 0:00:03]} Kf7 {[%emt 0:00:02]} 1/2-1/2

[Event "RUS-ch Rapid Men 2018"]
[Site "Sochi"]
[Date "2018.10.06"]
[Round "11"]
[White "Drygalov, Sergey"]
[Black "Avalyan, Artur"]
[Result "1-0"]
[WhiteElo "2446"]
[BlackElo "2347"]
[Annotator "NA"]
[PlyCount "94"]
[EventDate "2018.10.05"]
[EventType "swiss"]
[EventCountry "RUS"]
[SourceTitle "playchess.com"]
[Source "ChessBase"]
[SourceQuality "1"]
[TimeControl "900+10"]

1. d4 {[%emt 0:00:00]} Nf6 {[%emt 0:00:00]} 2. Nf3 {[%emt 0:00:00]} d5 {[%emt 0:00:00]} 3. c4 {[%emt 0:00:00]} e6 {[%emt 0:00:00]} 4. Nc3 {[%emt 0:00:00]} Be7 {[%emt 0:00:00]} 5. Bf4 {[%emt 0:00:00]} O-O {[%emt 0:00:04]} 6. e3 {[%emt 0:00:01]} b6 {[%emt 0:00:06]} 7. Bd3 {[%emt 0:00:25]} dxc4 {[%emt 0:00:06]} 8. Bxc4 {[%emt 0:00:01]} Nd5 {[%emt 0:00:25]} 9. Bg3 {[%emt 0:00:23]} Bb7 {[%emt 0:00:09]} 10. O-O {[%emt 0:00:09]} Nxc3 {[%emt 0:00:21]} 11. bxc3 {[%emt 0:00:02]} Bd6 {[%emt 0:00:10]} 12. Ne5 {[%emt 0:02:05]} Nd7 {[%emt 0:00:14]} 13. f4 {[%emt 0:00:02]} Nf6 {[%emt 0:04:24]} 14. f5 {[%emt 0:01:08]} exf5 {[%emt 0:01:46]} 15. Rxf5 {[%emt 0:00:47]} Be4 {[%emt 0:03:10]} 16. Rf2 {[%emt 0:02:54]} Qe7 {[%emt 0:00:32]} 17. Qe2 {[%emt 0:01:42]} Bd5 {[%emt 0:02:27]} 18. Bxd5 {[%emt 0:02:28]} Nxd5 {[%emt 0:00:01]} 19. c4 {[%emt 0:00:02]} Bxe5 {[%emt 0:00:38]} 20. Bxe5 {[%emt 0:02:15]} f6 {[%emt 0:00:03]} 21. Bf4 {[%emt 0:00:01]} Nxf4 {[%emt 0:00:35]} 22. Rxf4 {[%emt 0:00:17]} Rfe8 {[%emt 0:00:02]} 23. Re1 {[%emt 0:00:36]} Rad8 {[%emt 0:00:05]} 24. h4 {[%emt 0:01:19]} Rd6 {[%emt 0:00:40]} 25. Qd2 {[%emt 0:01:07]} Re6 {[%emt 0:00:06]} 26. e4 {[%emt 0:00:13]} Rd8 {[%emt 0:00:21]} 27. d5 {[%emt 0:00:52]} Re5 {[%emt 0:00:29]} 28. Qf2 {[%emt 0:00:33]} Re8 {[%emt 0:00:11]} 29. Re3 {[%emt 0:00:02]} Qc5 {[%emt 0:00:09]} 30. Re2 {[%emt 0:00:18]} Qxc4 {[%emt 0:01:05]} 31. Rc2 {[%emt 0:00:01]} Qd3 {[%emt 0:00:01]} 32. Rxc7 {[%emt 0:00:06]} Rxe4 {[%emt 0:00:01]} 33. Rxe4 {[%emt 0:00:16]} Rxe4 {[%emt 0:00:02]} 34. Rd7 {[%emt 0:00:20]} Qd1+ {[%emt 0:00:41]} 35. Kh2 {[%emt 0:00:07]} Qa4 {[%emt 0:01:06]} 36. Rd8+ {[%emt 0:00:09]} Kf7 {[%emt 0:00:01]} 37. Kh3 {[%emt 0:00:04]} Qa3+ {[%emt 0:00:19]} 38. g3 {[%emt 0:00:09]} Qe7 {[%emt 0:00:27]} 39. Rh8 {[%emt 0:00:10]} Qd7+ {[%emt 0:00:05]} 40. Kh2 {[%emt 0:00:03]} Qxd5 {[%emt 0:00:05]} 41. Rc8 {[%emt 0:00:05]} Qe5 {[%emt 0:00:09]} 42. Rc2 {[%emt 0:00:16]} h5 {[%emt 0:00:14]} 43. Kg2 {[%emt 0:00:10]} Qd5 {[%emt 0:00:24]} 44. Kh2 {[%emt 0:00:04]} Rc4 {[%emt 0:00:11]} 45. Rd2 {[%emt 0:00:03]} Qe5 {[%emt 0:00:06]} 46. Rd7+ {[%emt 0:00:12]} Kg6 {[%emt 0:00:04]} 47. Qd2 {[%emt 0:00:23]} Rxh4+ {[%emt 0:00:06]} 1-0

[Event "RUS-ch Rapid Men 2018"]
[Site "Sochi"]
[Date "2018.10.06"]
[Round "11"]
[White "Oganian, Miran"]
[Black "Belyakov, Bogdan"]
[Result "1-0"]
[WhiteElo "2435"]
[BlackElo "2458"]
[Annotator "TA"]
[PlyCount "28"]
[EventDate "2018.10.05"]
[EventType "swiss"]
[EventCountry "RUS"]
[SourceTitle "playchess.com"]
[Source "ChessBase"]
[SourceQuality "1"]

{[%evp 9,28,2,28,-4,39,17,30,32,37,44,45,57,57,38,37,35,37,31,42,25,37]} 1. b3 e5 2. Bb2 Nc6 3. e3 d6 4. Bb5 Bd7 5. Nf3 Nf6 6. d4 {[%cal Rd4e5] A01: Nimzowitsch-Larsen Opening} (6. O-O a6 7. Be2 Be7 8. c4 O-O 9. Nc3 Re8 10. d3 Bf8 11. a3 h6 12. b4 Bf5 13. Nd2 Bg6 {½-½ (79) Artemiev,V (2524)-Akopian,V (2691) Khanty-Mansiysk 2013}) 6... exd4 (6... e4 {with more complications.} 7. Nfd2 d5 8. Bxc6 Bxc6 9. c4 a5) 7. Nxd4 Nxd4 8. Bxd7+ Qxd7 9. Qxd4 Qg4 10. Qxg4 Nxg4 11. c4 Ne5 12. Ke2 O-O-O $146 ({Predecessor:} 12... f6 13. Nc3 a6 {½-½ (30) Helgert,J (1993)-Frankenberger,R (1957) Bayern 2013}) 13. Nd2 h5 14. Rad1 Re8 1-0